Gaming Quiz

Random Gaming or Quote Quiz
Score 0/86 Timer 15:00
0 Plays Today
Quote Legendary % Correct
You face Jaraxxus! Eredar Lord of the Burning Legion!Lord Jaraxxus
78.1%
LEEEEERRROOOYYY JEEENNNKKKIIINNNSSSS!!!Leeroy Jenkins
77.8%
I dream and the world trembles.Ysera
77.8%
By fire be purged!Ragnaros the Firelord
77.5%
Minions, servants, soldiers of the cold dark, obey the call of Kel'Thuzad.Kel'Thuzad
77.2%
I am power incarnate!Deathwing
75.9%
Prepare to face the mighty Millhouse Manastorm!Millhouse Manastorm
75.9%
Stalagg crush you!Stalagg
75.9%
Hey pal, Trade Prince Gallywix here!Trade Prince Gallywix
75.9%
I am Mal'Ganis! I am eternal!Mal'Ganis
75.6%
I am Rafaam, the supreme archaeologist!Arch-Thief Rafaam
75.4%
Put your faith in the light!Tirion Fordring
74.7%
We're gonna be rich!Reno Jackson
73.7%
Troggzor!Troggzor the Earthinator
72.8%
You dare challenge the daughter of Deathwing?Onyxia
72.5%
WINDS! Obey my command!Al'Akir the Windlord
72.2%
That belongs in a museum!Harrison Jones
71.9%
I have no time for games.Sylvanas Windrunner
71.9%
Behold! The absolute power of Wilfred Fizzlebang! Hehehe.Wilfred Fizzlebang
70%
You require my assistance?Archmage Antonidas
69.4%
Mogor deso- no. Mogor destru- uh, wait. No, Mogor KILL! Mogor the Ogre
69.4%
I can wait and fish all day.Nat Pagle
69.1%
Who dare defile this ancient grove?Cenarius
68.5%
The brotherhood shall prevail!Edwin VanCleef
67.6%
I am the essence of magic!Malygos
67.3%
I bring life and hope.Alexstrasza
66.7%
Behold the power of pure water!Neptulon
66.4%
Feed you to master!Feugen
65.7%
You are not prepared!Illidan Stormrage
65.4%
Quote Legendary % Correct
The spirits be restless.Vol'jin
65.4%
Do you have the artifact?Elise Starseeker
65.1%
We hunger for vengeance!Bloodmage Thalnos
64.5%
I have returned.Malorne
64.5%
Take heart, the Earthmother is near.Cairne Bloodhoof
64.2%
By the power of Ragnaros, I have the power!Emperor Thaurissan
63.3%
I see you...Loatheb
63.3%
Jade serpent guide you.Lorewalker Cho
63.3%
Who knows what secrets we'll uncover?Brann Bronzebeard
62.3%
Welcome to the Grand Tournament, champion.Justicar Trueheart
60.9%
None may challenge the Living Flame.Majordomo Executus
60.9%
I can wait no longer.Grommash Hellscream
60.8%
Just in time.Nozdormu
60.2%
Not all who wonder are lost.Prophet Velen
59.6%
None shall pass.The Black Knight
59.3%
Behold the armies of Stormwind!Varian Wrynn
59.1%
My dreaming ends. Your nightmare begins.C'Thun
58.8%
Who's up for an adventure?Sir Finley Mrrgglton
58.3%
Come forth, coward!Bolvar Fordragon
56.8%
The scourge will consume you!Baron Rivendare
56.5%
My winged children fill the skies.Aviana
55.9%
Safety restrictions offline. Harvesting servos engaged.Foe Reaper 4000
55.9%
The might of Dalaran has arrived!Rhonin
55%
Drink up, me hearties!Captain Greenskin
54.6%
Take this time to consider your past deeds.Confessor Paletress
53.2%
The dragons shall kneel before me!Deathwing, Dragonlord
52.6%
In the Grand Tournament, you win - or you die.The Skeleton Knight
51.8%
Keep it quick, kid. I ain't got all day.Gazlowe
50.9%
Prepare yourselves for the ultimate test!Eadric the Pure
50.9%
Quote Legendary % Correct
Behold! The magnificent Aerial Command Unit!Mimiron's Head
50.6%
Behold my mighty invention!Gelbin Mekkatorque
50.3%
This time for sure!Tinkmaster Overspark
50.3%
50%
Let's negotiate; you concede, and I let you live.Nexus-Champion Saraad
48.6%
Hostile entities detected.Flame Leviathan
47.2%
Show them no mercy!Toshley
46.9%
Who wants presents?Blingtron 3000
45.1%
Usurpers! Gnomeregan is mine!Mekgineer Thermaplugg
44.8%
From the depths I come!Anub'arak
42.3%
You cannot stop the Kvaldir!The Mistcaller
42.3%
To his will, all flesh succumbs. What he said!Cho'Gall
40.4%
You have been measured, and found wanting!Fjola Lightbane
39.5%
Let the dark consume you!Eydis Darkbane
38.2%
Rah! Reinforcements be here! Ha ha!Skycap'n Kragg
35.5%
Unworthy.Gruul
34.9%
Mage, you should be more careful if you play with magic.Nefarian Mage
33.7%
Druid, the wild is mine to control.Nefarian Druid
33%
Warrior, your strength becomes your weakness.Nefarian Warrior
33%
Rogue, stop hiding and face me.Nefarian Rogue
33%
Paladin, does the light forsake you?Nefarian Paladin
32.6%
Warlock, you play with magic beyond your understanding.Nefarian Warlock
32.6%
Shaman, the elements answer me now.Nefarian Shaman
31.8%
Priest, the light serves me now.Nefarian Priest
31.8%
The hunter becomes the hunted.Nefarian Hunter
31.4%
I'll take on the lot of ya'!Bolf Ramshield
28.2%
Chaos beckons...Anomalus
27.2%
Ah, the thrill of the hunt!Hemit Nesingwary
17.3%
Remove Ads.
Support Sporcle.
Get the best of Sporcle when you Go Orange. This ad-free experience offers more features, more stats, and more fun while also helping to support Sporcle. Thank you for becoming a member.

You're not logged in!

Compare scores with friends on all Sporcle quizzes.
OR
Log In

Show Comments

Extras

Top Quizzes Today


Score Distribution

Your Account Isn't Verified!

In order to create a playlist on Sporcle, you need to verify the email address you used during registration. Go to your Sporcle Settings to finish the process.

Report this User

Report this user for behavior that violates our Community Guidelines.

Details: